000
00374nam a2200145Ia 4500
008
191206s9999 xx 000 0 und d
020
_a
140802363
090
_a
PR2245.AP38
245
0
_a
complete English poems [of] John Donne
260
_a
Penguin
260
_b
"Penguin education, X236"
260
_c
c1971
300
_a
677 p. 19 cm.
999
_c
15719
_d
15719